000 01230nam a2200337 a 4500
001 86168
003 BD-RjUL
005 20260209121616.0
008 260209r19641926ii a 000 0 sanr
035 _a(BD-RjUL)86168
040 _aDLC
_cNIC
_dDLC
_dBD-RjUL
_beng
041 _aeng
042 _apremarc
082 _223
_a891.22
_bBHN 1926-1964
100 0 _aBharata Muni.
_917697
245 1 0 _aNáṭyaśāstra :
_bwith the commentary of Abhinavagupta /
_cEdited with a pref., appendix and index by Manavalli Ramakrishna Kavi.
260 _aBaroda :
_bOriental Institute,
_c1926-64.
300 _a4 v.:
_billus.
_c25 cm.
336 _atext
_btxt
_2rdacontent
337 _aunmediated
_bn
_2rdamedia
338 _avolume
_bnc
_2rdacarrier
500 _aIn Sanskrit.
500 _aVol. 4: Nāṭyaśātra of Bharatamuni, with the commentary Abhibavabhāratī, by Abhinavaguptācārya. Edited by late M. Ramakrishna Kavi and J. S. Pade.
505 0 1 _aVol.1--Vol.2--
650 0 _aSanskrit drama
_xHistory and criticism.
_93549
650 0 _aTheater
_zIndia.
_917699
700 0 _aAbhinavagupta,
_917700
700 1 _aRāmakr̥ṣṇakavi, Mānavalli.
_917701
942 _2ddc
_cBK
999 _c86168
_d86168